[Event "34th ECC Women 2018"]
[Site "Porto Carras GRE"]
[Date "2018.10.16"]
[Round "5.6"]
[Board "1"]
[White "Muzychuk, Anna"]
[Black "Bodnaruk, Anastasia"]
[Result "1/2-1/2"]
[WhiteTitle "GM"]
[BlackTitle "IM"]
[WhiteElo "2555"]
[BlackElo "2423"]
[WhiteTeam "Cercle d'Echecs de Monte-Carlo"]
[BlackTeam "SSHOR"]
[WhiteFideId "14111330"]
[BlackFideId "4181751"]
[EventDate "2018.10.12"]

1. e4 c5 2. Nf3 d6 3. Bb5+ Bd7 4. Bxd7+ Qxd7 5. c4 Nf6 6. Nc3 g6 7. d4 cxd4 8.
Nxd4 Bg7 9. f3 O-O 10. Be3 Nc6 11. O-O Rfc8 12. b3 Qd8 13. Qd2 Qa5 14. Rad1 a6
15. Nxc6 Rxc6 16. Nd5 Qxd2 17. Rxd2 Re8 18. a4 Nd7 19. a5 Nc5 20. Rb1 f5 21.
exf5 gxf5 22. Bd4 e5 23. Be3 e4 24. fxe4 Nxe4 25. Rd3 Nc5 26. Rdd1 Re4 27. Bf2
Re6 28. Rf1 Ne4 29. Rbd1 Nxf2 30. Rxf2 Re5 31. Rxf5 Rxf5 32. Ne7+ Kf7 33. Nxf5
Be5 34. Rd5 h5 35. Kf2 Kf6 36. Ng3 h4 37. Ne4+ Kf5 38. Kf3 b6 39. b4 Ke6 40.
Ng5+ Kf6 41. axb6 Rxb6 42. c5 Rb5 43. Ne4+ Ke6 44. Rd3 dxc5 45. Nxc5+ Kf7 46.
Rd7+ Kg6 47. Nxa6 Bxh2 48. Rd4 Bg3 49. Nc5 Rb8 50. Nd3 Rb5 51. Ke4 Kf6 52. Rd8
Rg5 53. Rc8 Bd6 54. Rc2 Bxb4 55. Rf2+ Kg7 56. Nxb4 Rg4+ 57. Rf4 Rxg2 58. Rxh4
Re2+ 59. Kd5 Kf6 60. Nd3 Ra2 61. Rf4+ Kg5 62. Rf1 Ra5+ 63. Ke4 Ra4+ 64. Ke3 Ra3
65. Rf8 Kg4 66. Kd4 Ra4+ 67. Kd5 Ra5+ 68. Nc5 Kg3 69. Kd4 Kg4 70. Rf1 Ra8 71.
Ne6 Kg3 72. Ke4 Ra4+ 73. Nd4 Kg2 74. Rf8 Ra7 75. Nc2 Re7+ 76. Kd3 Kg3 77. Ne3
Rd7+ 78. Ke2 Re7 79. Rf6 Re8 80. Rf7 Re6 81. Kd3 Rd6+ 82. Ke4 Re6+ 83. Kd4 Rd6+
84. Ke5 Rd8 85. Nf5+ Kf3 86. Nd4+ Ke3 87. Rf3+ Kd2 88. Rh3 1/2-1/2

[Event "34th ECC Women 2018"]
[Site "Porto Carras GRE"]
[Date "2018.10.16"]
[Round "5.6"]
[Board "2"]
[White "Ovod, Evgenija"]
[Black "Cramling, Pia"]
[Result "1/2-1/2"]
[WhiteTitle "IM"]
[BlackTitle "GM"]
[WhiteElo "2363"]
[BlackElo "2465"]
[WhiteTeam "SSHOR"]
[BlackTeam "Cercle d'Echecs de Monte-Carlo"]
[WhiteFideId "4131827"]
[BlackFideId "1700030"]
[EventDate "2018.10.12"]

1. e4 c5 2. Nf3 e6 3. d4 cxd4 4. Nxd4 a6 5. c4 Nf6 6. Nc3 Bb4 7. Qd3 O-O 8. Bd2
d6 9. a3 Bc5 10. b4 Ba7 11. h3 e5 12. Nc2 Be6 13. Rd1 Nc6 14. Be3 Bxe3 15. Nxe3
a5 16. b5 Nd4 17. Ne2 Nxe2 18. Bxe2 Qc7 19. g4 Rad8 20. g5 Nd7 21. Qxd6 Qxd6 22.
Rxd6 Nc5 23. Rxd8 Rxd8 24. f3 Rd4 25. Nc2 Rd6 26. Ne3 Rd4 27. Nc2 Rd6 28. Ne3 1/2-1/2

[Event "34th ECC Women 2018"]
[Site "Porto Carras GRE"]
[Date "2018.10.16"]
[Round "5.6"]
[Board "3"]
[White "Socko, Monika"]
[Black "Belenkaya, Dina"]
[Result "1-0"]
[WhiteTitle "GM"]
[BlackTitle "WGM"]
[WhiteElo "2451"]
[BlackElo "2329"]
[WhiteTeam "Cercle d'Echecs de Monte-Carlo"]
[BlackTeam "SSHOR"]
[WhiteFideId "1106619"]
[BlackFideId "24142654"]
[EventDate "2018.10.12"]

1. c4 e5 2. g3 Nc6 3. Bg2 a6 4. Nc3 Bc5 5. e3 d6 6. Nge2 Nge7 7. O-O Ba7 8. d4
exd4 9. exd4 Nf5 10. Be3 O-O 11. Qd2 Bd7 12. b3 Re8 13. Rae1 Qc8 14. Kh1 Rb8 15.
a4 Bb6 16. Rd1 Ba5 17. Qc1 Nb4 18. Bf4 Nc6 19. Ne4 Nb4 20. Bd2 Bc6 21. d5 Bd7
22. Nf4 Re7 23. Qb2 Qf8 24. Bc3 Rbe8 25. Nf6+ gxf6 26. Nh5 Qh6 27. Nxf6+ Kf8 28.
g4 Nh4 29. Nxd7+ Rxd7 30. Bxb4 f5 31. Bxa5 Nxg2 32. Kxg2 fxg4 33. Rfe1 Rde7 34.
Rxe7 Rxe7 35. Re1 Rxe1 36. Bxe1 Qh3+ 37. Kg1 Qf3 38. Qh8+ Ke7 39. Qxh7+ Kd8 40.
Qg8+ Kd7 41. Qe6+ Kd8 42. Qe3 Qd1 43. Kg2 b6 44. a5 b5 45. Bd2 bxc4 46. bxc4 Kc8
47. Qf4 Kb7 48. Be3 Kb8 49. Qe4 Kc8 50. c5 dxc5 51. Bxc5 Kb8 52. Qe8+ Kb7 53.
Qc6+ Kb8 54. d6 1-0

[Event "34th ECC Women 2018"]
[Site "Porto Carras GRE"]
[Date "2018.10.16"]
[Round "5.6"]
[Board "4"]
[White "Semenova, Elena1"]
[Black "Cornette, Deimante"]
[Result "0-1"]
[WhiteTitle "WIM"]
[BlackTitle "IM"]
[WhiteElo "2263"]
[BlackElo "2462"]
[WhiteTeam "SSHOR"]
[BlackTeam "Cercle d'Echecs de Monte-Carlo"]
[WhiteFideId "24125148"]
[BlackFideId "12802859"]
[EventDate "2018.10.12"]

1. e4 c5 2. Nc3 Nc6 3. Bb5 Nd4 4. Bc4 a6 5. Nge2 e6 6. Nxd4 cxd4 7. Ne2 b5 8.
Bb3 Bb7 9. d3 Bc5 10. O-O Ne7 11. c3 Nc6 12. Bf4 d6 13. Bd2 O-O 14. Kh1 d5 15.
exd5 exd5 16. Rc1 Bb6 17. f4 f5 18. cxd4 Re8 19. Re1 Qd6 20. a3 Re6 21. Ng1 Nxd4
22. Rxe6 Nxe6 23. Ne2 a5 24. Bc3 Nxf4 25. Nxf4 Qxf4 26. Bd2 Qf2 27. Rc2 Qh4 28.
Qf3 Qd4 29. Be3 Re8 30. Re2 Rxe3 31. Rxe3 Qxe3 32. Bxd5+ Bxd5 33. Qxd5+ Kf8 34.
Qxf5+ Ke7 35. Qf1 a4 36. h3 Bd4 37. Qb1 g5 38. Kh2 g4 39. hxg4 Be5+ 40. Kh1 Qh6+ 0-1

[Event "34th ECC Women 2018"]
[Site "Porto Carras GRE"]
[Date "2018.10.17"]
[Round "6.1"]
[Board "2"]
[White "Batsiashvili, Nino"]
[Black "Ovod, Evgenija"]
[Result "1/2-1/2"]
[WhiteTitle "GM"]
[BlackTitle "IM"]
[WhiteElo "2482"]
[BlackElo "2363"]
[WhiteTeam "Nona"]
[BlackTeam "SSHOR"]
[WhiteFideId "13602993"]
[BlackFideId "4131827"]
[EventDate "2018.10.12"]

1. d4 d5 2. c4 e6 3. Nf3 Nf6 4. g3 dxc4 5. Bg2 c5 6. O-O Nc6 7. Qa4 Bd7 8. Qxc4
b5 9. Qd3 c4 10. Qd1 Rc8 11. e3 Be7 12. Qe2 O-O 13. Rd1 Nb4 14. Ne5 Be8 15. Nc3
Nbd5 16. e4 Nxc3 17. bxc3 Nd7 18. f4 Nxe5 19. fxe5 b4 20. Be3 bxc3 21. a4 Qa5
22. d5 Bxa4 23. Rdc1 Qb5 24. Rxc3 Bb4 25. Rcc1 a5 26. Bh3 Rfe8 27. Rf1 Bb3 28.
Qh5 Rc7 29. Rf6 Bc5 30. Bxc5 Qxc5+ 31. Rf2 g6 32. Qf3 exd5 33. e6 fxe6 34. Rxa5
Qd6 35. exd5 exd5 36. Rxd5 Qe7 37. Rb5 Rd8 38. Qc3 Qg7 39. Be6+ Kh8 40. Qa5 Re8
41. Rc5 Rce7 42. Bxc4 Bxc4 43. Rxc4 Re1+ 44. Rf1 Rxf1+ 45. Kxf1 Rf8+ 46. Rf4
Rxf4+ 47. gxf4 1/2-1/2

[Event "34th ECC Women 2018"]
[Site "Porto Carras GRE"]
[Date "2018.10.17"]
[Round "6.5"]
[Board "3"]
[White "Guerini, Silvia jr"]
[Black "Richard, Emma"]
[Result "0-1"]
[BlackTitle "WFM"]
[WhiteElo "1977"]
[BlackElo "2127"]
[WhiteTeam "Caissa Italia Banca Alpi Marittime"]
[BlackTeam "Mulhouse Philidor"]
[WhiteFideId "852520"]
[BlackFideId "657590"]
[EventDate "2018.10.12"]

1. e4 c5 2. Nf3 Nc6 3. Bb5 e6 4. O-O Nge7 5. c3 a6 6. Ba4 b5 7. Bc2 c4 8. d4
cxd3 9. Qxd3 Ng6 10. Nbd2 d6 11. Nb3 e5 12. a4 Rb8 13. axb5 axb5 14. Be3 Be7 15.
Nbd2 O-O 16. Bb3 Kh8 17. Bd5 Qe8 18. Rfd1 Bd8 19. Nb3 Bc7 20. Bxc6 Qxc6 21. Na5
Qe8 22. b4 f5 23. Ba7 Nf4 24. Qe3 Ra8 25. Nb3 fxe4 26. Nfd2 d5 27. Kh1 Qg6 28.
Qg3 Bg4 29. Rdb1 Nd3 30. Be3 Rxa1 31. Rxa1 Nf4 32. h3 Bf5 33. Qxg6 hxg6 34. Ra7
Bb8 35. Rb7 Ne2 36. Nb1 Rd8 37. Rxb5 d4 38. cxd4 exd4 39. Nxd4 Nxd4 40. Bxd4 e3
41. Nc3 e2 42. Nxe2 Bd3 43. Bxg7+ Kxg7 44. Rb7+ Kg8 45. Ng3 Be5 46. Kg1 Rc8 47.
Rd7 Rc1+ 48. Kh2 Rc3 49. Rd5 Bc7 50. Rc5 Rxc5 51. bxc5 Kf7 52. h4 Bf5 53. Kg1
Bxg3 54. fxg3 Kf6 55. Kf2 Bg4 56. Ke3 Ke5 57. c6 Bf5 58. c7 Bg4 59. Kd3 Bc8 60.
Ke3 Kf5 61. Kf3 Bb7+ 62. Ke3 Kg4 63. Kd4 Kxg3 64. Ke5 Kxh4 65. g3+ Kg5 66. Ke6
Bc8+ 67. Ke5 Bf5 68. Kd6 Kf6 69. Kd5 Bc8 70. Kd6 g5 71. Kd5 Kf5 72. Kd6 Kg4 0-1

[Event "34th ECC Women 2018"]
[Site "Porto Carras GRE"]
[Date "2018.10.17"]
[Round "6.5"]
[Board "4"]
[White "Neuhauser, Salome"]
[Black "Andolfatto, Maria"]
[Result "1-0"]
[WhiteTitle "WFM"]
[WhiteElo "2115"]
[BlackElo "2068"]
[WhiteTeam "Mulhouse Philidor"]
[BlackTeam "Caissa Italia Banca Alpi Marittime"]
[WhiteFideId "662461"]
[BlackFideId "2800476"]
[EventDate "2018.10.12"]

1. e4 e5 2. Nf3 Nf6 3. Nxe5 d6 4. Nc4 Nxe4 5. Qe2 Qe7 6. Ne3 Be6 7. Nc3 Nxc3 8.
bxc3 d5 9. g3 c6 10. Bg2 g6 11. a4 Na6 12. O-O O-O-O 13. Ba3 Qd7 14. Rfb1 h5 15.
Bxf8 Rhxf8 16. d4 Bh3 17. Bf3 Rde8 18. c4 Be6 19. c5 f5 20. Ng2 Bf7 21. Qf1 g5
22. Be2 Nb8 23. a5 a6 24. Ra3 Re7 25. Rab3 Qc7 26. Bd3 Be6 27. f4 g4 28. Qe1 Bg8
29. Qd2 Bh7 30. Ne3 Qd7 31. Nd1 h4 32. Nc3 hxg3 33. hxg3 Bg6 34. Na4 Kd8 35. Bf1
Rh8 36. Qb4 Rhh7 37. Qb6+ Qc7 38. Qa7 Qc8 39. Nb6 Qc7 40. Na8 Qc8 41. Qb6+ Ke8
42. Qb4 Qe6 43. Nc7+ Rxc7 44. Re1 Qxe1 45. Qxe1+ Rhe7 46. Qb1 Bf7 47. Kf2 Be6
48. Re3 Nd7 49. Qe1 Kf7 50. c4 Nf6 51. cxd5 Bxd5 52. Re5 Ne4+ 53. Kg1 Kf6 54.
Bg2 Rcd7 55. Qb1 Re6 56. Qb6 Ree7 57. Qa7 Kg6 58. Qb8 Rg7 59. Qe8+ Rdf7 60. Re7
Kh7 61. Bxe4 fxe4 62. Re5 Rf6 63. Qh5+ Rh6 64. Qf5+ Rhg6 65. Re8 Rg8 66. Re7+
Rg7 67. Qh5+ Kg8 68. Re8+ Kf7 69. Qe5 Re6 70. Qh5+ Reg6 71. Rb8 Kf6 72. Qe5+ Kf7
73. Rxb7+ Kg8 74. Rb8+ Kh7 75. Qh5+ Rh6 76. Qf5+ Rhg6 77. Ra8 e3 78. Re8 Rf7 79.
Qe5 Rgf6 80. Qxe3 Rb7 81. Qd3+ Kg7 82. Qxa6 Rb1+ 83. Kf2 Rh6 84. Qa7+ Kg6 85.
f5+ Kxf5 86. Qd7+ Re6 87. Qh7+ 1-0

[Event "34th ECC Women 2018"]
[Site "Porto Carras GRE"]
[Date "2018.10.18"]
[Round "7.1"]
[Board "1"]
[White "Muzychuk, Anna"]
[Black "Dzagnidze, Nana"]
[Result "1-0"]
[WhiteTitle "GM"]
[BlackTitle "GM"]
[WhiteElo "2555"]
[BlackElo "2509"]
[WhiteTeam "Cercle d'Echecs de Monte-Carlo"]
[BlackTeam "Nona"]
[WhiteFideId "14111330"]
[BlackFideId "13601903"]
[EventDate "2018.10.12"]

1. e4 c5 2. Nf3 e6 3. d4 cxd4 4. Nxd4 a6 5. c4 Nf6 6. Nc3 Bb4 7. Qd3 O-O 8. e5
Ne8 9. Be2 Qc7 10. Nf3 Nc6 11. Ng5 f5 12. exf6 Nxf6 13. O-O d6 14. a3 Bxc3 15.
Qxc3 e5 16. Be3 h6 17. Nf3 Be6 18. Rac1 Ng4 19. Bd2 d5 20. cxd5 e4 21. Ne5 Ngxe5
22. dxe6 Qd6 23. Qe3 Rae8 24. Rfd1 Qd4 25. Qg3 Qxb2 26. Rb1 Qa2 27. Rxb7 g6 28.
Qc3 Qxe6 29. Bxh6 Rf7 30. Rxf7 Kxf7 31. Bxa6 g5 32. Bxg5 Qg4 33. Qb3+ Kg7 34.
Be3 Rb8 35. Qc2 Nf3+ 36. Kh1 Rh8 37. gxf3 Qxf3+ 38. Kg1 Qg4+ 39. Kf1 Rxh2 40.
Ke1 Rh1+ 41. Kd2 Qd7+ 42. Kc1 1-0

[Event "34th ECC Women 2018"]
[Site "Porto Carras GRE"]
[Date "2018.10.18"]
[Round "7.1"]
[Board "2"]
[White "Batsiashvili, Nino"]
[Black "Cramling, Pia"]
[Result "1-0"]
[WhiteTitle "GM"]
[BlackTitle "GM"]
[WhiteElo "2482"]
[BlackElo "2465"]
[WhiteTeam "Nona"]
[BlackTeam "Cercle d'Echecs de Monte-Carlo"]
[WhiteFideId "13602993"]
[BlackFideId "1700030"]
[EventDate "2018.10.12"]

1. d4 Nf6 2. c4 e6 3. g3 d5 4. Nf3 dxc4 5. Bg2 c5 6. O-O Nc6 7. Qa4 Bd7 8. Qxc4
cxd4 9. Nxd4 Rc8 10. Nc3 Nxd4 11. Qxd4 Bc5 12. Qh4 h6 13. Bxb7 Rb8 14. Bf3 Rb4
15. Qh3 e5 16. Qg2 Qc8 17. a3 Rb6 18. Qh1 O-O 19. Nd5 Nxd5 20. Bxd5 Bd4 21. e3
Bxb2 22. Bxb2 Rxb2 23. Qe4 Qb8 24. Rfd1 Kh8 25. Rab1 f5 26. Rxb2 Qxb2 27. Qb4
Qxb4 28. axb4 Rb8 29. Ra1 Rb5 30. Ra5 Rxb4 31. Rxa7 Rb1+ 32. Kg2 Bb5 33. h4 g5
34. hxg5 hxg5 35. g4 Rd1 36. Bf3 Bf1+ 37. Kh2 Rd2 38. gxf5 Rxf2+ 39. Kg3 Rd2 40.
f6 Rd8 41. Kg4 Bd3 42. Bd5 Rf8 43. Kxg5 Rd8 44. e4 Bc2 45. Kh6 1-0

[Event "34th ECC Women 2018"]
[Site "Porto Carras GRE"]
[Date "2018.10.18"]
[Round "7.1"]
[Board "3"]
[White "Socko, Monika"]
[Black "Javakhishvili, Lela"]
[Result "1/2-1/2"]
[WhiteTitle "GM"]
[BlackTitle "IM"]
[WhiteElo "2451"]
[BlackElo "2475"]
[WhiteTeam "Cercle d'Echecs de Monte-Carlo"]
[BlackTeam "Nona"]
[WhiteFideId "1106619"]
[BlackFideId "13601458"]
[EventDate "2018.10.12"]

1. d4 Nf6 2. c4 e6 3. g3 d5 4. Nf3 dxc4 5. Bg2 a6 6. O-O Nc6 7. e3 Rb8 8. Qe2 b5
9. b3 cxb3 10. axb3 Bd6 11. Bb2 Nb4 12. e4 Be7 13. Rd1 O-O 14. Nc3 Bb7 15. h4
Qe8 16. Rac1 c5 17. e5 Nd7 18. Ne4 c4 19. bxc4 bxc4 20. Rxc4 Bd5 21. Rcc1 Na2
22. Ra1 Qc8 23. Nd6 Qc6 24. Ne1 Bxd6 25. Bxd5 Qxd5 26. exd6 Nb4 27. Nd3 a5 28.
Nf4 Qxd6 29. Rxa5 Rfc8 30. Ba3 Qb6 31. Bxb4 Qxb4 32. Ra7 Nf6 33. Nh5 Nxh5 34.
Qxh5 Rb7 35. Rxb7 Qxb7 36. d5 exd5 37. Qxd5 Qxd5 1/2-1/2

[Event "34th ECC Women 2018"]
[Site "Porto Carras GRE"]
[Date "2018.10.18"]
[Round "7.1"]
[Board "4"]
[White "Khotenashvili, Bela"]
[Black "Cornette, Deimante"]
[Result "1/2-1/2"]
[WhiteTitle "GM"]
[BlackTitle "IM"]
[WhiteElo "2469"]
[BlackElo "2462"]
[WhiteTeam "Nona"]
[BlackTeam "Cercle d'Echecs de Monte-Carlo"]
[WhiteFideId "13602640"]
[BlackFideId "12802859"]
[EventDate "2018.10.12"]

1. d4 Nf6 2. c4 e6 3. g3 c5 4. Nf3 cxd4 5. Nxd4 d5 6. Bg2 e5 7. Nf3 d4 8. O-O
Nc6 9. e3 Be7 10. exd4 exd4 11. Bf4 O-O 12. Ne5 Qb6 13. Re1 Be6 14. Nd2 Rac8 15.
Qb3 Nh5 16. Qxb6 axb6 17. Nxc6 bxc6 18. Be5 c5 19. a4 Nf6 20. Bf3 Nd7 21. Bb7
Rce8 22. Bc7 Bd8 23. Bf4 g5 24. Bd6 Be7 25. Bxe7 Rxe7 26. Ne4 Ne5 27. Nxg5 Rxb7
28. Rxe5 Bxc4 29. Ne4 f6 30. Rf5 Bd3 31. Nxf6+ Kh8 32. Rf4 Bc2 33. f3 Rbf7 34.
Ne4 Rxf4 35. gxf4 Rxf4 36. Nd2 Rf7 37. Kf2 Re7 38. b3 Re3 39. a5 bxa5 40. Rxa5
Bd1 41. Kf1 Be2+ 42. Kf2 Bd1 43. Kf1 Be2+ 44. Kf2 Bd1 45. Kf1 Be2+ 1/2-1/2

[Event "34th ECC Women 2018"]
[Site "Porto Carras GRE"]
[Date "2018.10.18"]
[Round "7.1"]
[Board "1"]
[White "Bodnaruk, Anastasia"]
[Black "Ushenina, Anna"]
[Result "1/2-1/2"]
[WhiteTitle "IM"]
[BlackTitle "GM"]
[WhiteElo "2423"]
[BlackElo "2451"]
[WhiteTeam "SSHOR"]
[BlackTeam "Ugra"]
[WhiteFideId "4181751"]
[BlackFideId "14110911"]
[EventDate "2018.10.12"]

1. e4 c6 2. d4 d5 3. e5 c5 4. dxc5 Nc6 5. Bb5 e6 6. Be3 Bd7 7. Bxc6 Bxc6 8. Nf3
Ne7 9. c3 Nf5 10. Bd4 Nxd4 11. Qxd4 Qc7 12. b4 b6 13. cxb6 axb6 14. O-O Be7 15.
Qe3 O-O 16. Nd4 Bd7 17. f4 f6 18. Nf3 Be8 19. Nbd2 Ra3 20. Nb3 Bd7 21. exf6 Bxf6
22. Ne5 Rfa8 23. Rac1 Bb5 24. Rf3 Qd6 25. Ng4 Rxa2 26. Re1 Bd7 27. Nd4 Bxd4 28.
Qxd4 Ra1 29. Rff1 Rxe1 30. Rxe1 Be8 31. Ne5 Bg6 32. Nxg6 hxg6 33. g3 Ra2 34. Qd3
Kf7 35. Re5 Qd8 36. Re2 Qa8 37. Rxa2 Qxa2 38. Qd4 b5 39. Qe3 Qc2 40. Qa7+ Kf6
41. Qd4+ Kf7 42. Qa7+ Kf6 43. Qd4+ Kf7 44. Qa7+ 1/2-1/2

[Event "34th ECC Women 2018"]
[Site "Porto Carras GRE"]
[Date "2018.10.18"]
[Round "7.1"]
[Board "2"]
[White "Pogonina, Natalija"]
[Black "Ovod, Evgenija"]
[Result "1/2-1/2"]
[WhiteTitle "WGM"]
[BlackTitle "IM"]
[WhiteElo "2485"]
[BlackElo "2363"]
[WhiteTeam "Ugra"]
[BlackTeam "SSHOR"]
[WhiteFideId "4147855"]
[BlackFideId "4131827"]
[EventDate "2018.10.12"]

1. d4 d5 2. c4 c6 3. Nf3 Nf6 4. e3 Bg4 5. h3 Bh5 6. g4 Bg6 7. Ne5 e6 8. Nd2 Nfd7
9. Nxg6 hxg6 10. Bg2 Be7 11. e4 Qb6 12. O-O Qxd4 13. exd5 cxd5 14. cxd5 exd5 15.
Nb3 Qxd1 16. Rxd1 Nc6 17. Rxd5 Nb6 18. Rb5 O-O-O 19. Bf4 Bd6 20. Bxd6 Rxd6 21.
Rc1 Rhd8 22. Rc2 Kb8 23. a4 Nd4 24. Nxd4 Rxd4 25. a5 Nd5 26. Re2 a6 27. Rb3 Rd7
28. Re8+ Kc7 29. g5 Ra4 30. Bxd5 Rxd5 31. Re7+ Kd6 32. Rxf7 Rxg5+ 33. Kh2 Raxa5
34. Rb6+ Kc5 35. Rbxb7 Ra1 36. f4 Rgg1 37. Rxg7 Rh1+ 38. Kg3 Rhg1+ 39. Kh4 Raf1
40. Rbf7 a5 41. Rf6 a4 42. Rgxg6 Rxg6 43. Rxg6 Rxf4+ 44. Rg4 Rxg4+ 45. hxg4 Kb4
46. g5 Kb3 47. g6 Kxb2 48. g7 a3 49. g8=Q a2 50. Qb8+ Kc2 51. Qa7 1/2-1/2

[Event "34th ECC Women 2018"]
[Site "Porto Carras GRE"]
[Date "2018.10.18"]
[Round "7.2"]
[Board "3"]
[White "Belenkaya, Dina"]
[Black "Girya, Olga"]
[Result "1/2-1/2"]
[WhiteTitle "WGM"]
[BlackTitle "WGM"]
[WhiteElo "2329"]
[BlackElo "2479"]
[WhiteTeam "SSHOR"]
[BlackTeam "Ugra"]
[WhiteFideId "24142654"]
[BlackFideId "4195752"]
[EventDate "2018.10.12"]

1. e4 c6 2. d4 d5 3. Nc3 dxe4 4. Nxe4 Bf5 5. Ng3 Bg6 6. h4 h6 7. Nf3 Nd7 8. h5
Bh7 9. Bd3 Bxd3 10. Qxd3 e6 11. Bd2 Ngf6 12. O-O-O Bd6 13. Ne4 Bc7 14. Nxf6+
Nxf6 15. Qb3 b5 16. Ne5 Qd5 17. Bb4 Qxb3 18. axb3 a5 19. Bc5 Ne4 20. Rhe1 Nxc5
21. dxc5 Bxe5 22. Rxe5 Rd8 23. Rxd8+ Kxd8 24. c4 b4 25. Kc2 Ke7 26. Re1 Ra8 27.
Rd1 Rd8 28. Ra1 Ra8 29. Rd1 Rd8 30. Ra1 Ra8 31. Rd1 1/2-1/2

[Event "34th ECC Women 2018"]
[Site "Porto Carras GRE"]
[Date "2018.10.18"]
[Round "7.2"]
[Board "4"]
[White "Kovanova, Baira"]
[Black "Semenova, Elena1"]
[Result "1/2-1/2"]
[WhiteTitle "WGM"]
[BlackTitle "WIM"]
[WhiteElo "2350"]
[BlackElo "2263"]
[WhiteTeam "Ugra"]
[BlackTeam "SSHOR"]
[WhiteFideId "4164083"]
[BlackFideId "24125148"]
[EventDate "2018.10.12"]

1. e4 e5 2. Nf3 Nc6 3. Bb5 Nf6 4. d3 Bc5 5. c3 O-O 6. O-O d6 7. h3 h6 8. Re1 Ne7
9. d4 Bb6 10. Nbd2 c6 11. Bd3 Ng6 12. Nf1 Re8 13. Ng3 Bc7 14. Bc2 d5 15. Nxe5
Nxe5 16. dxe5 Nxe4 17. Nxe4 dxe4 18. Qxd8 Rxd8 19. Bxe4 Bxe5 20. Be3 Be6 21. Bc2
Bf6 22. a3 a6 23. Red1 Rxd1+ 24. Rxd1 Rd8 25. Rxd8+ Bxd8 26. Kf1 Kf8 27. Ke2 Bc7
28. Be4 Ke7 29. Bc2 Bd6 30. Bd3 Bc7 31. Bc2 Bd6 32. Bd3 Bc7 1/2-1/2

[Event "34th ECC Women 2018"]
[Site "Porto Carras GRE"]
[Date "2018.10.18"]
[Round "7.2"]
[Board "1"]
[White "Muzychuk, Mariya"]
[Black "Mammadzada, Gunay"]
[Result "1-0"]
[WhiteTitle "GM"]
[BlackTitle "IM"]
[WhiteElo "2533"]
[BlackElo "2438"]
[WhiteTeam "Kyiv Chess federation"]
[BlackTeam "Odlar Yurdu"]
[WhiteFideId "14114550"]
[BlackFideId "13403729"]
[EventDate "2018.10.12"]

1. e4 c5 2. Nf3 d6 3. c3 Nf6 4. Bd3 g6 5. Bc2 Bg7 6. d4 O-O 7. h3 e6 8. O-O Nc6
9. dxc5 dxc5 10. Bf4 b6 11. Bd6 Re8 12. e5 Nd7 13. Qe2 Bb7 14. Rd1 Qc8 15. Nbd2
Ne7 16. Ne4 Nd5 17. Qd2 b5 18. Qg5 Qc6 19. h4 h6 20. Qg3 Ne7 21. Bxe7 Rxe7 22.
h5 g5 23. Nd6 Qb6 24. Nxg5 Nxe5 25. Nxb7 Rxb7 26. Ne4 Kh8 27. b3 f5 28. Rd6 Qc7
29. Rxe6 Rb6 30. Rxb6 axb6 31. Nd2 Qf7 32. Nf3 Qf6 33. Nxe5 Qxe5 34. Qf3 Rd8 35.
Rd1 Rxd1+ 36. Qxd1 Bf6 37. c4 b4 38. g3 f4 39. Qd7 Kg8 40. Qh7+ Kf8 41. Qxh6+
Bg7 42. Qc6 fxg3 43. Qf3+ Kg8 44. fxg3 Qa1+ 45. Kg2 Qxa2 46. Qe4 Qb2 47. h6 Be5
48. Qf5 Bh8 49. g4 Qd4 50. g5 Qd2+ 51. Kf3 Qc3+ 52. Bd3 Qa1 53. Kg2 Qb2+ 54. Kh3
Qd4 55. Be4 Qe3+ 56. Kh4 Qe1+ 57. Kh5 1-0

[Event "34th ECC Women 2018"]
[Site "Porto Carras GRE"]
[Date "2018.10.18"]
[Round "7.2"]
[Board "2"]
[White "Mamedjarova, Zeinab"]
[Black "Zhukova, Natalia"]
[Result "1-0"]
[WhiteTitle "WGM"]
[BlackTitle "GM"]
[WhiteElo "2358"]
[BlackElo "2403"]
[WhiteTeam "Odlar Yurdu"]
[BlackTeam "Kyiv Chess federation"]
[WhiteFideId "13401521"]
[BlackFideId "14101513"]
[EventDate "2018.10.12"]

1. d4 Nf6 2. Nf3 d5 3. c4 e6 4. e3 a6 5. cxd5 exd5 6. Bd3 Bd6 7. O-O O-O 8. h3
Nc6 9. Nc3 Re8 10. Re1 h6 11. a3 Bd7 12. Qc2 Qc8 13. e4 dxe4 14. Nxe4 Nxe4 15.
Bxe4 Qd8 16. Bd2 Qf6 17. Bc3 Re7 18. d5 Ne5 19. Nxe5 Bxe5 20. Bxe5 Rxe5 21. Qxc7
Rae8 22. Qxd7 Rxe4 23. Qxe8+ Rxe8 24. Rxe8+ Kh7 25. Rd1 Qd6 26. Re3 h5 27. Rb3
b5 28. Rc3 a5 29. Rc6 Qd7 30. d6 1-0

[Event "34th ECC Women 2018"]
[Site "Porto Carras GRE"]
[Date "2018.10.18"]
[Round "7.2"]
[Board "3"]
[White "Osmak, Iulija"]
[Black "Balajayeva, Khanim"]
[Result "1-0"]
[WhiteTitle "IM"]
[BlackTitle "WIM"]
[WhiteElo "2405"]
[BlackElo "2326"]
[WhiteTeam "Kyiv Chess federation"]
[BlackTeam "Odlar Yurdu"]
[WhiteFideId "14101602"]
[BlackFideId "13406396"]
[EventDate "2018.10.12"]

1. d4 d5 2. Bf4 Nf6 3. e3 c5 4. Nc3 cxd4 5. exd4 a6 6. Nf3 g6 7. Ne5 Bg7 8. Qd2
Nc6 9. O-O-O O-O 10. f3 Be6 11. g4 Nd7 12. Nxc6 bxc6 13. Bh6 Bxh6 14. Qxh6 Qc7
15. h4 Rfb8 16. h5 Nf8 17. Re1 Qd6 18. Bd3 Rb4 19. f4 Bxg4 20. hxg6 fxg6 21.
Rhg1 Bd7 22. f5 Be8 23. fxg6 Bxg6 24. Ref1 Rxd4 25. Bxg6 Nxg6 26. Rh1 Rf4 27.
Qxh7+ Kf8 28. Ne2 Rd8 29. Qh6+ 1-0

[Event "34th ECC Women 2018"]
[Site "Porto Carras GRE"]
[Date "2018.10.18"]
[Round "7.2"]
[Board "4"]
[White "Fataliyeva, Ulviyya"]
[Black "Gaponenko, Inna"]
[Result "0-1"]
[WhiteTitle "WGM"]
[BlackTitle "IM"]
[WhiteElo "2320"]
[BlackElo "2409"]
[WhiteTeam "Odlar Yurdu"]
[BlackTeam "Kyiv Chess federation"]
[WhiteFideId "13403052"]
[BlackFideId "14101181"]
[EventDate "2018.10.12"]

1. e4 g6 2. d4 Bg7 3. Nc3 d6 4. Be3 a6 5. a4 Nd7 6. Qd2 Ngf6 7. h3 c5 8. g4 Qa5
9. dxc5 Qb4 10. Rd1 Nxe4 11. Nxe4 Qxe4 12. f3 Qxa4 13. cxd6 exd6 14. b3 Qc6 15.
Kf2 O-O 16. c4 a5 17. Ne2 f5 18. Bg2 fxg4 19. f4 Qc7 20. hxg4 Nf6 21. g5 Nh5 22.
Bf3 a4 23. bxa4 Rxa4 24. Nc3 Ra6 25. Nd5 Qf7 26. Bxh5 gxh5 27. Nf6+ Bxf6 28.
gxf6 Bg4 29. Bd4 Qxc4 30. Ra1 Re8 31. Rhe1 Rxe1 32. Kxe1 Rxa1+ 33. Bxa1 Qe4+ 34.
Kf2 Qf3+ 35. Kg1 Qg3+ 36. Qg2 Qxg2+ 37. Kxg2 h4 38. Bc3 Kf7 39. Kf2 Ke6 40. Kg2
b5 41. Kh2 d5 42. Kg2 Kf7 43. Kh2 Kg6 44. Kg2 Be6 45. Be5 b4 46. Kf3 Kf5 47. Bb2
h3 48. Kg3 b3 49. Kxh3 Kxf4+ 0-1